000 00316nam a2200121Ia 4500
008 240624s9999 xx 000 0 und d
041 _aeng
082 _a658.4092 RAT
100 _aRATH TOM
245 _aSTRENGHS BASED LEADERSHIP GREAT LEADERS
260 _c2011
_aNew York
_bGallup Press
300 _a266 p.; 20 cm.
999 _c30888
_d30888